01220nam a22003254a 4500001001100000003000800011006001900019007001500038008004100053010001700094020002800111040002100139035002100160050002300181082001700204100002100221245009700242260004300339300003600382504005400418533015200472650001600624650002500640650001600665650002500681655002900706710001700735856012500752999001700877ebr5006028CaPaEBRm u cr cn|||||||||001020s2001 txua sb 000 0 eng  z 00051226  z0875652417 (alk. paper) aCaPaEBRcCaPaEBR a(OCoLC)17907613814aTT750b.B28 2001eb04a746.4/092211 aBausum, Dolores.10aThreading timeh[electronic resource] :ba cultural history of threadwork /cDolores Bausum. aFort Worth, Tex. :bTCU Press,cc2001. axi, 217 p. :bill. (some col.). aIncludes bibliographical references (p. 191-201). aElectronic reproduction.bPalo Alto, Calif. :cebrary,d2013.nAvailable via World Wide Web.nAccess may be limited to ebrary affiliated libraries. 0aNeedlework. 0aNeedleworkxHistory. 0aFancy work. 0aFancy workxHistory. 7aElectronic books.2local2 aebrary, Inc.40uhttp://site.ebrary.com/lib/rucke/Doc?id=5006028zAn electronic book accessible through the World Wide Web; click to view c21032d21032